Voyage en Hollande et en Belgique (Record no. 164297)

MARC details
000 -LEADER
campo de control de longitud fija 01190nam a2200265 i 4500
001 - NÚMERO DE CONTROL
campo de control 164297
003 - IDENTIFICADOR DE NÚMERO DE CONTROL
campo de control ES-MaACL
005 - FECHA Y HORA DE LA ÚLTIMA TRANSACCIÓN
campo de control 20231223063112.0
008 - DATOS DE LONGITUD FIJA--INFORMACIÓN GENERAL
campo de control de longitud fija 990922s1839 fr |||| | fre d
100 1# - ENTRADA PRINCIPAL--NOMBRE DE PERSONA
Nombre de persona La Sagra, Ramón de,
Fechas asociadas al nombre 1798-1871
9 (RLIN) 101445
245 10 - MENCIÓN DEL TÍTULO
Título Voyage en Hollande et en Belgique
Resto del título : sous le rapport de l'instruction primaire, des établissements de bienfaisance et des prisions, dans les deux pays /
Mención de responsabilidad, etc. par Ramon de la Sagra.
260 ## - PUBLICACIÓN, DISTRIBUCIÓN, ETC.
Lugar de publicación, distribución, etc. Paris :
Nombre del editor, distribuidor, etc. Arthus Bertrand,
Fecha de publicación, distribución, etc. 1839 (
Fabricante Mme Huzard)
300 ## - DESCRIPCIÓN FÍSICA
Extensión 2 t. en 1 v. ;
Dimensiones 21 cm.
505 8# - NOTA DE CONTENIDO CON FORMATO
Nota de contenido con formato Contiene: I ;
Título Hollande ([4], 366 p.) - II ;
-- Belgique ([4], 362 p.)
530 ## - NOTA DISPONIBLE DE FORMULARIO FÍSICO ADICIONAL
Nota de formato físico adicional disponible Disponible en formato digital.
650 #4 - PUNTO DE ACCESO ADICIONAL DE MATERIA--TÉRMINO DE MATERIA
Término de materia o nombre geográfico como elemento de entrada Enseñanza-
Subdivisión geográfica Bélgica.
9 (RLIN) 151757
650 #4 - PUNTO DE ACCESO ADICIONAL DE MATERIA--TÉRMINO DE MATERIA
Término de materia o nombre geográfico como elemento de entrada Enseñanza-
Subdivisión geográfica Holanda.
9 (RLIN) 163744
650 #4 - PUNTO DE ACCESO ADICIONAL DE MATERIA--TÉRMINO DE MATERIA
Término de materia o nombre geográfico como elemento de entrada Beneficencia-
Subdivisión geográfica Bélgica.
9 (RLIN) 167546
650 #4 - PUNTO DE ACCESO ADICIONAL DE MATERIA--TÉRMINO DE MATERIA
Término de materia o nombre geográfico como elemento de entrada Beneficencia-
Subdivisión geográfica Holanda.
9 (RLIN) 167547
650 #4 - PUNTO DE ACCESO ADICIONAL DE MATERIA--TÉRMINO DE MATERIA
Término de materia o nombre geográfico como elemento de entrada Establecimientos penitenciarios-
Subdivisión geográfica Bélgica.
9 (RLIN) 143325
650 #4 - PUNTO DE ACCESO ADICIONAL DE MATERIA--TÉRMINO DE MATERIA
Término de materia o nombre geográfico como elemento de entrada Establecimientos penitenciarios-
Subdivisión geográfica Países Bajos.
9 (RLIN) 165560
852 ## - LOCALIZACIÓN
Ubicación ES-MaACL
Número de control de estantería G-12784
Nota libre - Enc. hol.
856 ## - LOCALIZACIÓN Y ACCESO ELECTRÓNICOS
Identificador Uniforme de Recursos <a href="http://bdh-rd.bne.es/viewer.vm?id=0000010864&page=1 ">http://bdh-rd.bne.es/viewer.vm?id=0000010864&page=1 </a>
Nota pública Biblioteca Digital Hispánica
Holdings
Estatus retirado Estado de pérdida Estado de daño No para préstamo Colección Biblioteca de origen Biblioteca actual Ubicación en estantería Fecha de adquisición Total de préstamos Signatura topográfica completa Código de barras Visto por última vez Precio de reemplazo Tipo de ítem Koha
        Colección digital Biblioteca del Ateneo de Madrid Biblioteca del Ateneo de Madrid Sala Pecera Planta 3 17/01/2008   G-12784 1172211 23/02/2023 23/02/2023 Libro impreso antiguo